000 00883nam a2200265 c 4500
999 _c345921
_d345921
003 BLK
005 20191008170346.0
008 180911b bul|||||r ||||||| ||bul||
010 _a004519
040 _aBLK
041 _aFRE
_cBUL
080 _z949.72(093)
245 1 0 _aLa VERITE sur les accusations contre la Bulgarie
_nT. 1
_pExpose
260 _aSofia
_c1919
_fImpr. de l`Etat
300 _a99 с
_c32 см
380 _a9
490 _aMin. des affaires etrangeres et des cultes
490 _aЧастна колекция - Академик Михаил Арнаудов
_gДарение - Основен фонд
505 _tExpose et documentsExpose
655 _aбългарска история
_9396199
852 _aМА 2982
942 _cKNG
_n0
_s1
944 _aCR
_c1994
999 _d345921
999 _d344853
999 _d344853